[Event "Vasco-chT"]
[Site "Pais Vasco"]
[Date "2009.02.21"]
[Round "6.4"]
[White "Lauroba Elizaran, Fermin"]
[Black "Rodriguez Gonzalez, Alex"]
[Result "0-1"]
[WhiteElo "1932"]
[BlackElo "2039"]
[PlyCount "78"]
[EventDate "2009.01.10"]
[EventType "team-tourn"]
[EventRounds "9"]
[EventCountry "ESP"]
[SourceTitle "EXT 2010"]
[Source "ChessBase"]
[SourceDate "2010.11.25"]
[SourceVersion "1"]
[SourceVersionDate "2010.11.25"]
[SourceQuality "1"]

1. e4 g6 2. d4 c5 3. Nf3 Bg7 4. c3 Qc7 5. Be2 Nf6 6. e5 Nd5 7. 0-0 0-0 8. Na3 a6 9. Nc2 d6 10. dxc5 Qxc5 11. exd6 exd6 12. c4 Nb6 13. Be3 Qc7 14. Bd4 Nc6 15. Bxg7 Kxg7 16. Ne3 Be6 17. Nd5 Bxd5 18. cxd5 Ne7 19. Rc1 Qd8 20. Qd4+ Kg8 21. Bc4 Nf5 22. Qf4 Rc8 23. Bb3 Qd7 24. Rxc8 Rxc8 25. Rd1 Rc5 26. Ng5 Qe7 27. Ne4 Rc8 28. g4 Qh4 29. Qf3 Re8 30. Bc2 Rc8 31. Bb3 Re8 32. Re1 Re5 33. gxf5 gxf5 34. Kh1 fxe4 35. Rg1+ Kf8 36. Qe2 Nd7 37. Rg3 Rh5 38. Rg2 Ne5 39. Bc2 Nf3 0-1

[Event "Vasco-chT"]
[Site "Pais Vasco"]
[Date "2009.02.07"]
[Round "4.4"]
[White "Duran Fernandez, Emilio"]
[Black "Lauroba Elizaran, Fermin"]
[Result "0-1"]
[WhiteElo "1793"]
[BlackElo "1932"]
[PlyCount "70"]
[EventDate "2009.01.10"]
[EventType "team-tourn"]
[EventRounds "9"]
[EventCountry "ESP"]
[SourceTitle "EXT 2010"]
[Source "ChessBase"]
[SourceDate "2010.11.25"]
[SourceVersion "1"]
[SourceVersionDate "2010.11.25"]
[SourceQuality "1"]

1. c4 c5 2. Nc3 e6 3. Nf3 d5 4. e3 d4 5. Ne4 Nc6 6. a3 f5 7. Ng3 e5 8. d3 Nf6 9. Be2 Bd6 10. 0-0 e4 11. dxe4 fxe4 12. Ne1 d3 13. Nxd3 exd3 14. Bxd3 0-0 15. f4 Ng4 16. h3 Nf6 17. e4 Qc7 18. e5 Nxe5 19. fxe5 Bxe5 20. Ne4 Bd7 21. Nxf6+ Bxf6 22. Be3 g6 23. Qc2 Rae8 24. Bh6 Bd4+ 25. Kh1 Bg7 26. Bxg7 Kxg7 27. Rxf8 Rxf8 28. Re1 Rf7 29. Qe2 Bc6 30. Qe5+ Qxe5 31. Rxe5 Rf2 32. Re2 Bxg2+ 33. Kg1 Rxe2 34. Bxe2 Bxh3 35. b4 b6 0-1

[Event "Gipuzkoa Provinz-ch"]
[Site "Azkoitia"]
[Date "2005.10.29"]
[Round "3"]
[White "Lazkano Gaite, Tomas"]
[Black "Lauroba Elizaran, Fermin"]
[Result "0-1"]
[WhiteElo "1764"]
[BlackElo "1987"]
[PlyCount "107"]
[EventDate "2005.10.15"]
[EventType "swiss"]
[EventRounds "7"]
[EventCountry "ESP"]
[SourceTitle "EXT 2022"]
[Source "ChessBase"]
[SourceDate "2021.10.06"]
[SourceVersion "1"]
[SourceVersionDate "2021.10.06"]
[SourceQuality "1"]

1. e4 c5 2. Nf3 e6 3. d4 cxd4 4. Nxd4 Nf6 5. Nc3 Bb4 6. Bd3 e5 7. Nf5 0-0 8. 0-0 Bxc3 9. bxc3 d5 10. Ba3 Bxf5 11. exf5 Re8 12. c4 e4 13. Be2 d4 14. Qb1 Qd7 15. Qb5 Nc6 16. Rfd1 Re5 17. Qb3 Rxf5 18. Rab1 b6 19. Qg3 Rd8 20. Bc1 e3 21. fxe3 Ne4 22. Qh4 Nc3 23. Bd3 Nxd1 24. Rb5 Qe7 25. Qh3 Nxe3 26. Bxe3 Qxe3+ 27. Qxe3 dxe3 28. Rxf5 g6 29. Rd5 Rxd5 30. cxd5 Ne5 31. Bb5 f5 32. Kf1 f4 33. Ke2 Kf7 34. a4 Ke7 35. h3 Kd6 36. c4 g5 37. Ba6 Nd7 38. Kf3 Ke5 39. g3 Nf6 40. gxf4+ gxf4 41. Bc8 Ne4 42. Ba6 Ng5+ 43. Ke2 Nxh3 44. Bc8 Ng5 45. Bd7 Nf7 46. Be6 Nd6 47. Kd3 Nxc4 48. Bg8 Nb2+ 49. Ke2 Nxa4 50. Bxh7 Nc3+ 51. Kd3 Nxd5 52. Bg6 a5 53. Be8 f3 54. Bh5 0-1

[Event "Gipuzkoa Provinz-ch"]
[Site "Azkoitia"]
[Date "2005.10.15"]
[Round "1"]
[White "Lauroba Elizaran, Fermin"]
[Black "Segovia Sanchez, Antonio"]
[Result "0-1"]
[WhiteElo "1987"]
[BlackElo "2054"]
[PlyCount "74"]
[EventDate "2005.10.15"]
[EventType "swiss"]
[EventRounds "7"]
[EventCountry "ESP"]
[SourceTitle "EXT 2022"]
[Source "ChessBase"]
[SourceDate "2021.10.06"]
[SourceVersion "1"]
[SourceVersionDate "2021.10.06"]
[SourceQuality "1"]

1. e4 d6 2. d4 Nf6 3. Nc3 g6 4. Be3 Bg7 5. Qd2 0-0 6. f3 a5 7. Nge2 c6 8. g4 e5 9. dxe5 dxe5 10. Rd1 Qc7 11. Bc5 Re8 12. Qe3 Nbd7 13. Bd6 Qb6 14. Qxb6 Nxb6 15. Nc1 Be6 16. b3 a4 17. Nd3 axb3 18. axb3 Nfd7 19. Nc5 Nxc5 20. Bxc5 Nd7 21. Be3 Bf8 22. Bd3 Bb4 23. Bd2 Nc5 24. Be2 Red8 25. Nb1 Bxd2+ 26. Rxd2 Rxd2 27. Kxd2 Ra2 28. Kc3 Nxb3 29. Rd1 Nd4 30. Bd3 Nxf3 31. h3 b5 32. Nd2 Nd4 33. Nf1 c5 34. Ne3 b4+ 35. Kd2 b3 36. Kc3 bxc2 37. Nxc2 c4 0-1